| 000 | 01699nam a2200301 a 4500 | ||
|---|---|---|---|
| 999 |
_c447345 _d447345 |
||
| 003 | BLK | ||
| 005 | 20230628140858.0 | ||
| 008 | 180411b bul|||||r ||||||| ||bul|| | ||
| 010 | _aKNG00174969000 | ||
| 040 | _aBLK | ||
| 041 |
_aBUL _cBUL |
||
| 080 |
_aЗдравословно състояние и здравеопазване на учениците. Общо здравно състояние на учащите се. Училищна хигиена. Вж и 613;796/799 _b37.091.212:614 _x(062) _z37.091.212:614(062) |
||
| 139 |
_aМедико-педагогически проблеми на подрастващото поколение _bМ 45 |
||
| 245 |
_aМедико-педагогически проблеми на подрастващото поколение _bнауч.-практ. конф. в чест на Международната година на детето _h[малотир. изд.] |
||
| 257 | _aBGR | ||
| 260 |
_c1979 _9471198 _aРусе |
||
| 300 |
_a123 с. _c20 см _bс табл. |
||
| 380 | _a3 | ||
| 500 | _aИзд. на Окръжен народен съвет - Русе, Окръжен съвет на българските професионални съюзи - Русе, Дружество на научните работници, секция Медицина и педагогика. | ||
| 650 | 0 |
_aУчилищна хигиена _9257958 |
|
| 650 | 7 |
_aМедицина _9161604 |
|
| 651 | 4 |
_aРусе _9179462 |
|
| 653 | 7 |
_aмедицина _9190721 |
|
| 653 | 7 |
_aконференции _9189119 |
|
| 852 |
_aК 37.09/М 45 _bК |
||
| 942 |
_cKNG _n0 _s1 _01 |
||
| 944 |
_aCR _c2022-03-07 _l2022-03-07 _kРенета Константинова |
||